[Event "4th Parsvnath Open"]
[Site "New Delhi IND"]
[Date "2006.01.18"]
[Round "6"]
[White "Kunte,A"]
[Black "Negi,P"]
[Result "1/2-1/2"]
[WhiteElo "2551"]
[BlackElo "2396"]

1.d4 Nf6 2.Nf3 e6 3.c4 b6 4.g3 Bb7 5.Bg2 Be7 6.O-O O-O 7.Re1 d5 8.cxd5 exd5
9.Nc3 Na6 10.Bf4 Re8 11.Rc1 c5 12.dxc5 bxc5 13.Qb3 Qb6 14.Ne5 Qxb3 15.axb3 Nb4
16.Na4 a5 17.Nxc5 Bxc5 18.Rxc5 g5 19.Bxg5 Ne4 20.Nd7 Nxc5 21.Nxc5 Ba6 22.Nxa6 Rxa6
23.Bf3 Rc6 24.Rd1 h6 25.Bd2 Rc5 26.Bxb4 axb4 27.Rd4 Rc1+ 28.Kg2 Rc2 29.Rxb4 Rxb2
30.Rd4 Rxb3 31.Bxd5 Rb6 32.e4 Kg7 33.Rc4 Re7 34.h4 h5 35.Rc3 Rb4 36.Kf3 Rd4
37.Kf4 Rb4 38.f3 Rb6 39.g4 Rf6+ 40.Kg3 hxg4 41.fxg4 Rg6 42.Rc6 Ra7  1/2-1/2

[Event "4th Parsvnath Open"]
[Site "New Delhi IND"]
[Date "2006.01.19"]
[Round "7"]
[White "Negi,P"]
[Black "Vijayalakshmi,S"]
[Result "1-0"]
[WhiteElo "2396"]
[BlackElo "2479"]

1.e4 e5 2.Nf3 Nc6 3.Bb5 a6 4.Ba4 Nf6 5.O-O Be7 6.Re1 b5 7.Bb3 d6 8.c3 O-O
9.d4 Bg4 10.d5 Na5 11.Bc2 Qc8 12.Nbd2 c6 13.b4 Nb7 14.dxc6 Qxc6 15.Bb2 Nd7
16.Bb3 Kh8 17.c4 Qb6 18.cxb5 axb5 19.h3 Be6 20.Nf1 Nd8 21.Ne3 Qb7 22.Bd5 Bxd5
23.Qxd5 Qa6 24.Nf5 Nb6 25.Qd3 Re8 26.Nxe7 Rxe7 27.Qxd6 Re8 28.Nxe5 f6 29.Nd7 Nc4
30.Qxa6 Rxa6 31.Nc5 Ra7 32.Bc3 Ra3 33.Nb3 Nc6 34.f4 Kg8 35.e5 fxe5 36.fxe5 Kf7
37.Rad1 Rxa2 38.Rd7+ Re7 39.e6+ Kg6 40.Nd4 Nxd4 41.Bxd4 Re8 42.Rxg7+ Kf5
43.Rf7+ Kg6 44.Rf6+ Kg5 45.Re4 Re7 46.Rg4+ Kh5 47.Rf7 Rxe6 48.Rf5+ Kh6 49.Bg7+  1-0

[Event "4th Parsvnath Open"]
[Site "New Delhi IND"]
[Date "2006.01.20"]
[Round "8"]
[White "Murshed,N"]
[Black "Negi,P"]
[Result "1/2-1/2"]
[WhiteElo "2460"]
[BlackElo "2396"]

1.Nf3 Nf6 2.c4 g6 3.d4 Bg7 4.g3 d5 5.cxd5 Nxd5 6.Bg2 Nb6 7.e4 Bg4 8.e5 c5
9.h3 Bxf3 10.Bxf3 Nc6 11.dxc5 Qxd1+ 12.Bxd1 Nd7 13.f4 f6 14.Nc3 fxe5 15.Ne4 Nd4
16.Be3 exf4 17.Bxf4 O-O 18.Be3 Rf5 19.Bxd4 Bxd4 20.Bb3+ Kg7 21.O-O-O Be3+
22.Kb1 Nxc5 23.Rhe1 Nxb3 24.Rxe3 Na5 25.Nc3 Nc6 26.Rd7  1/2-1/2

[Event "Open"]
[Site "Bad Woerishofen GER"]
[Date "2006.03.17"]
[Round "1"]
[White "Negi,P"]
[Black "Specht,H"]
[Result "1-0"]
[WhiteElo "2396"]
[BlackElo "2038"]

1.e4 e5 2.Nf3 Nf6 3.Nxe5 d6 4.Nf3 Nxe4 5.Nc3 Nxc3 6.dxc3 Be7 7.Bf4 Nc6 8.Qd2 Bf6
9.O-O-O O-O 10.Rg1 Be6 11.g4 g6 12.Nd4 Nxd4 13.cxd4 d5 14.Be5 Bxe5 15.dxe5 f6
16.f4 fxe5 17.fxe5 c6 18.Bd3 Qe7 19.Kb1 Rf7 20.Qh6 Qf8 21.Qe3 Qe7 22.Rdf1 Rxf1+
23.Rxf1 Bxg4 24.Rf6 Re8 25.Qf4 Bh5 26.e6 Rf8 27.Rxf8+ Qxf8 28.Qc7 Qe8 29.Qxb7 Qxe6
30.Qb8+ Kg7 31.Qxa7+ Kh6 32.a4 Qd6 33.Qe3+ Kg7 34.Qd4+ Kh6 35.b4 Qxh2 36.a5 Qc7
37.a6 c5 38.Qxc5 Qxc5 39.bxc5 Bf3 40.c6  1-0

[Event "Open"]
[Site "Bad Woerishofen GER"]
[Date "2006.03.18"]
[Round "2"]
[White "Kroencke,M"]
[Black "Negi,P"]
[Result "0-1"]
[WhiteElo "2166"]
[BlackElo "2396"]

1.e4 c5 2.Nf3 e6 3.d3 Nc6 4.g3 d5 5.Nbd2 Bd6 6.Bg2 Nge7 7.O-O O-O 8.exd5 exd5
9.d4 c4 10.c3 Bf5 11.Re1 Re8 12.Nh4 Be6 13.f4 Qd7 14.Ndf3 f6 15.b4 Bg4 16.Qc2 a5
17.b5 Nd8 18.a4 Nf7 19.Qf2 Rad8 20.Qf1 Nf5 21.Bd2 Bc7 22.Rxe8+ Rxe8 23.Re1 N7d6
24.Nxf5 Bxf5 25.Rxe8+ Qxe8 26.Qe1 Be4 27.Bc1 Kf7 28.Ba3 Nf5 29.Kf2 Bd6 30.Bc1 Ne7
31.Bh3 Bf5 32.Bg2 Bc2 33.Bh3 Ng6 34.f5 Nf8 35.Qh1 Qe4 36.Bg2 Qxf5 37.Bf4 Bxf4
38.Nh4 Be3+ 39.Kxe3 Qd3+ 40.Kf2 Qd2+  0-1

[Event "Open"]
[Site "Bad Woerishofen GER"]
[Date "2006.03.20"]
[Round "4"]
[White "Eingorn,V"]
[Black "Negi,P"]
[Result "1/2-1/2"]
[WhiteElo "2595"]
[BlackElo "2396"]

1.c4 e6 2.Nf3 d5 3.d4 c6 4.Bg5 Be7 5.Bxe7 Qxe7 6.e3 Nf6 7.Nc3 Nbd7 8.Qc2 O-O
9.Rd1 dxc4 10.Bxc4 e5 11.O-O e4 12.Nd2 Nb6 13.Bb3 Bf5 14.Rc1 Rac8 15.Ne2 Nbd7
16.a3 h5 17.Qc3 b6 18.Ba2 c5 19.b4 c4 20.b5 Bg4 21.Ng3 h4 22.Ngxe4 Nxe4 23.Nxe4 Qxe4
24.f3 Qe7 25.fxg4 Nf6 26.Bxc4 Nxg4 27.Rxf7 Qxe3+ 28.Qxe3 Nxe3 29.Be6 Rxc1+
30.Rf1+ Kh7 31.Rxc1 Rf4 32.a4 Rxd4 33.Re1 Nd5 34.Bxd5 Rxd5 35.Re7 a6 36.bxa6 Ra5
37.Re4 h3 38.g4 Rxa6 39.Rb4 Ra5 40.Kf2 Rc5 41.Kg3 Rc3+ 42.Kh4 Ra3 43.Rxb6 Rxa4
44.Rb3 Kh6 45.Kxh3 g5 46.Kg3 Kg6 47.h3 Rc4 48.Re3 Ra4 49.h4 gxh4+ 50.Kxh4 Ra6
51.Re8 Rb6 52.Rg8+ Kh7 53.Rg5 Kh6  1/2-1/2

[Event "Open"]
[Site "Bad Woerishofen GER"]
[Date "2006.03.22"]
[Round "6"]
[White "Bogner,S"]
[Black "Negi,P"]
[Result "0-1"]
[WhiteElo "2299"]
[BlackElo "2396"]

1.e4 c5 2.Nf3 e6 3.d4 cxd4 4.Nxd4 a6 5.Bd3 Qc7 6.O-O Nf6 7.Qe2 d6 8.c4 g6
9.Nc3 Bg7 10.Rd1 O-O 11.Nf3 Nc6 12.h3 Nd7 13.Be3 Bxc3 14.bxc3 b6 15.Nh2 Bb7
16.Ng4 h5 17.Nh2 Nc5 18.Bc2 Na5 19.Bh6 Rfc8 20.g4 h4 21.Nf3 Nd7 22.Bb3 Nxc4
23.Nxh4 d5 24.Nf3 b5 25.Bc2 Nce5 26.Bf4 Qxc3 27.exd5 Nxf3+ 28.Kf1 Nd4 29.Rxd4 Qxd4
30.Be5 Qxd5 31.Ke1 Rxc2  0-1

[Event "Open"]
[Site "Bad Woerishofen GER"]
[Date "2006.03.23"]
[Round "7"]
[White "Negi,P"]
[Black "Stark,L"]
[Result "1-0"]
[WhiteElo "2396"]
[BlackElo "2366"]

1.e4 e6 2.d4 d5 3.Nc3 Nf6 4.e5 Nfd7 5.f4 c5 6.Nf3 a6 7.Be3 Qb6 8.Na4 Qa5+
9.c3 cxd4 10.b4 Qc7 11.Qxd4 a5 12.b5 b6 13.Be2 Nc5 14.Rc1 Nbd7 15.O-O Bb7
16.Qd1 Be7 17.Nd4 O-O 18.c4 Rac8 19.cxd5 Bxd5 20.Bf3 Bxf3 21.Qxf3 Rfe8 22.Nc6 Bf8
23.Nxc5 Bxc5 24.Rfd1 a4 25.Bxc5 Nxc5 26.f5 exf5 27.Qxf5 Re6 28.Rd6 Rf8 29.Rcd1 Ree8
30.R1d4 Re6 31.h3 Kh8 32.Rxe6 Nxe6 33.Rxa4 Qd7 34.Rd4 Qb7 35.Rd6 Kg8 36.Qd3 Qa8
37.Qb3 Kh8 38.Kh2 h6 39.a4 Nc5 40.Qe3 Ne6 41.Qa3 Qc8 42.a5 bxa5 43.Qxa5 h5
44.b6 h4 45.Qb4  1-0

[Event "8th Dubai Open"]
[Site "Dubai UAE"]
[Date "2006.04.25"]
[Round "3"]
[White "Stock,L"]
[Black "Negi,P"]
[Result "0-1"]
[WhiteElo "2200"]
[BlackElo "2445"]

1.Nf3 Nf6 2.d4 e6 3.c4 b6 4.g3 Bb7 5.Bg2 Be7 6.O-O O-O 7.Nc3 Ne4 8.Qc2 Nxc3
9.Qxc3 c5 10.Rd1 cxd4 11.Qxd4 Qc8 12.Bf4 Rd8 13.Bd6 Nc6 14.Qf4 f6 15.Rac1 Bxd6
16.Qxd6 Qb8 17.a3 Qxd6 18.Rxd6 Kf7 19.b4 Ke7 20.c5 bxc5 21.bxc5 Rab8 22.h3 Rdc8
23.e4 Na5 24.Nd4 Bc6 25.f4 Rb2 26.Rc3 Rcb8 27.Nxc6+ Nxc6 28.Rcd3 R8b7 29.Rc3 Ra2
30.Rd1 Rbb2 31.Bf1 e5 32.Rdc1 Nd4 33.fxe5 fxe5 34.g4 Rf2 35.Bc4 Rab2 36.Kh1 Nf3
37.Rxf3 Rxf3 38.Bf1 Rxa3  0-1

[Event "8th Dubai Open"]
[Site "Dubai UAE"]
[Date "2006.04.26"]
[Round "4"]
[White "Negi,P"]
[Black "Singh,G"]
[Result "1/2-1/2"]
[WhiteElo "2445"]
[BlackElo "2273"]

1.e4 e6 2.d4 d5 3.Nc3 Bb4 4.e5 c5 5.a3 Bxc3+ 6.bxc3 Qc7 7.Qg4 f5 8.Qg3 cxd4
9.cxd4 Ne7 10.Ne2 O-O 11.c3 Bd7 12.h4 Nbc6 13.Nf4 Rf7 14.Be2 Rc8 15.Rh3 Nd8
16.Bh5 Rf8 17.Qg5 Be8 18.Bxe8 Rxe8 19.Rg3 Ng6 20.Nxg6 hxg6 21.Qxg6 Qf7 22.Qg5 Nc6
23.h5 Qe7 24.Qf4 Kh7 25.a4 Na5 26.Ba3 Qf7 27.Qg5 Rc4 28.Bb4 Nc6 29.Bd6 Ne7
30.f4 Ng8 31.h6 Nxh6 32.Kd2 Rh8 33.Rh1 Re8 34.Ra1 Ng4 35.Qh4+ Nh6 36.a5 Rc6
37.Rh1 Ra6 38.Bb4 Rc6 39.Rg5 b6 40.axb6 Rxb6 41.Ke3 Rh8 42.Rh5 Qg6 43.Rh3 Rb7
44.Be7 Kg8 45.Bc5 Qxg2 46.Bb4 a5 47.Rg3 Qe4+ 48.Kf2 Ng4+ 49.Rxg4 Rxh5 50.Qxh5 Qc2+
51.Kg3 fxg4 52.Qe8+ Kh7 53.Qh5+  1/2-1/2

[Event "8th Dubai Open"]
[Site "Dubai UAE"]
[Date "2006.04.27"]
[Round "5"]
[White "Abdul,Majee"]
[Black "Negi,P"]
[Result "1/2-1/2"]
[WhiteElo "2242"]
[BlackElo "2445"]

1.e4 c5 2.d3 Nc6 3.g3 g6 4.Bg2 Bg7 5.f4 e6 6.Nf3 Nge7 7.O-O O-O 8.c3 b6 9.Be3 Ba6
10.Bf2 d6 11.Re1 Qd7 12.Qd2 b5 13.d4 cxd4 14.cxd4 d5 15.e5 b4 16.b3 Rfc8
17.Qb2 Rc7 18.Nbd2 Rac8 19.Rec1 Na5 20.Be1 Bd3 21.Rxc7 Qxc7 22.Bf1 Bf5 23.Ba6 Qc2
24.Qxc2 Rxc2 25.Nf1 Be4 26.Ne3 Rc6 27.Be2 Rb6 28.Ng5 Nac6 29.Nxe4 dxe4 30.Rd1 Nd5
31.Nxd5 exd5 32.Bf2 Nd8 33.Rc1 Rc6 34.Rxc6 Nxc6 35.Bb5 Nd8 36.Kf1 h5 37.Ba6 Bf8
38.Ke2 f6 39.h3 Kf7 40.g4 Ne6 41.Be3 fxe5 42.fxe5 hxg4 43.hxg4 Be7  1/2-1/2

[Event "8th Dubai Open"]
[Site "Dubai UAE"]
[Date "2006.04.28"]
[Round "6"]
[White "Negi,P"]
[Black "Lalith,B"]
[Result "1-0"]
[WhiteElo "2445"]
[BlackElo "2240"]

1.e4 c6 2.d4 d5 3.Nc3 dxe4 4.Nxe4 Nd7 5.Ng5 Ngf6 6.Bd3 e6 7.N1f3 Bd6 8.Qe2 h6
9.Ne4 Nxe4 10.Qxe4 Qc7 11.O-O c5 12.Re1 Nf6 13.Qh4 Bd7 14.dxc5 Qxc5 15.Be3 Qc7
16.Bd4 Be7 17.Ne5 O-O 18.Ng4 Nxg4 19.Qxg4 Bg5 20.Be5 Qc6 21.Qd4 f6 22.Bd6 Rfd8
23.Be4 Qc8 24.Rad1 f5 25.Bf3 Bf6 26.Qe3 Re8 27.Qb3 Bc6 28.Bh5 Rd8 29.Rxe6 Kh8
30.Rxf6 gxf6 31.Qe3 Be8 32.Qxh6+ Kg8 33.Qf8+ Kh7 34.Bxe8 Rxe8 35.Qf7+ Kh8
36.Qxf6+ Kg8 37.Qg6+ Kh8 38.Bb4 Re6 39.Rd8+ Qxd8 40.Bc3+  1-0

[Event "8th Dubai Open"]
[Site "Dubai UAE"]
[Date "2006.04.29"]
[Round "7"]
[White "Nadig,K"]
[Black "Negi,P"]
[Result "0-1"]
[WhiteElo "2239"]
[BlackElo "2445"]

1.e4 c5 2.Nf3 e6 3.d4 cxd4 4.Nxd4 a6 5.Bd3 Qc7 6.O-O Nf6 7.Nc3 b5 8.Qe2 Bb7
9.Kh1 b4 10.Nd1 Nc6 11.Nxc6 Qxc6 12.f3 Bc5 13.Ne3 Qc7 14.Bd2 O-O 15.c3 Nh5
16.g3 bxc3 17.bxc3 a5 18.Rae1 Rab8 19.Ng2 d6 20.g4 Nf6 21.g5 Nd7 22.f4 f5
23.exf5 exf5 24.Qe6+ Kh8 25.Bxf5 Bc8 26.Bb1 Ne5 27.Qd5 Bb7 28.Qe6 Bxg2+ 29.Kxg2 Rb2
30.Rd1 Qc6+ 31.Kg3 Nc4 32.Qe2 Re8 33.Qd3 Re3+  0-1

[Event "2nd Open"]
[Site "San Marino SMR"]
[Date "2006.06.06"]
[Round "2"]
[White "Negi,P"]
[Black "Pantsulaia,L"]
[Result "0-1"]
[WhiteElo "2445"]
[BlackElo "2611"]

1.e4 c6 2.d4 d5 3.Nc3 dxe4 4.Nxe4 Bf5 5.Ng3 Bg6 6.Bc4 e6 7.N1e2 Bb4+ 8.c3 Bd6
9.Nf4 Nf6 10.Bb3 Bxf4 11.Bxf4 O-O 12.O-O a5 13.Bc2 Nbd7 14.Bxg6 hxg6 15.Qf3 a4
16.c4 Qa5 17.Rfe1 Rfe8 18.Rad1 Qb4 19.Qe2 b5 20.c5 Nd5 21.Bd6 a3 22.b3 N7f6
23.Qd2 Qxd2 24.Rxd2 Nc3 25.f3 Nfd5 26.Ne4 b4 27.Rc1 Red8 28.Kf2 Nxe4+ 29.fxe4 Nc3
30.Rxc3 bxc3 31.Rc2 f5 32.e5 Kf7 33.Rxc3 Rd7 34.Rc4 Rb7 35.Ke3 Rxb3+ 36.axb3 a2
37.Rc1 a1=Q 38.Rxa1 Rxa1 39.h4 Rb1 40.Kf4 Rxb3 41.g4 Rd3 42.g5 Rh3  0-1

[Event "2nd Open"]
[Site "San Marino SMR"]
[Date "2006.06.07"]
[Round "3"]
[White "Toma,K"]
[Black "Negi,P"]
[Result "0-1"]
[WhiteElo "2238"]
[BlackElo "2445"]

1.e4 c5 2.Nc3 d6 3.Nf3 Nf6 4.d4 cxd4 5.Nxd4 a6 6.Be3 e5 7.Nf3 Qc7 8.a4 Be7
9.a5 Nbd7 10.Be2 O-O 11.O-O Nc5 12.Nd2 Be6 13.f4 exf4 14.Bxf4 Ncd7 15.Nf3 Ne5
16.Nd4 Rfe8 17.Kh1 Bf8 18.Nxe6 fxe6 19.Qe1 Nfd7 20.Qg3 Be7 21.Bh5 g6 22.Bg5 Qd8
23.Bxe7 Qxe7 24.Rad1 Rf8 25.Bf3 Rac8 26.Rf2 Rc5 27.Ra1 Nc6 28.Rd2 Nde5 29.Be2 Rxa5
30.Rad1 Rd8 31.h4 b5 32.h5 b4 33.Nb1 Rc5 34.Bxa6 Rf8 35.Be2 Nc4 36.hxg6 Nxd2
37.Nxd2 Rg5 38.gxh7+ Qxh7+ 39.Qh2 Qxh2+ 40.Kxh2 Rf2 41.Bf3 Nd4 42.Kg1 Rxd2  0-1

[Event "2nd Open"]
[Site "San Marino SMR"]
[Date "2006.06.07"]
[Round "4"]
[White "Negi,P"]
[Black "Delchev,A"]
[Result "0-1"]
[WhiteElo "2445"]
[BlackElo "2640"]

1.e4 e5 2.Nf3 Nc6 3.Bb5 a6 4.Ba4 Nf6 5.O-O Be7 6.Re1 b5 7.Bb3 d6 8.c3 O-O
9.d4 Bg4 10.d5 Na5 11.Bc2 Qc8 12.Nbd2 c6 13.b4 Nb7 14.dxc6 Qxc6 15.Bb2 Nd8
16.Nf1 Ne6 17.h3 Bh5 18.Ng3 Bxf3 19.Qxf3 g6 20.Bb3 Rac8 21.Rac1 Qb7 22.Rcd1 Rc7
23.Nf1 Rfc8 24.h4 a5 25.Ne3 a4 26.Bd5 Qa7 27.a3 Nf4 28.Ba2 Rxc3 29.Bxc3 Rxc3
30.g3 N4h5 31.Qe2 Nxe4 32.Rd3 Nhf6 33.Red1 Bd8 34.Qf3 Rxd3 35.Rxd3 Bb6 36.Kg2 Kg7
37.g4 h6 38.Bd5 Nxf2 39.Kxf2 Bxe3+ 40.Rxe3 Qd4 41.Ba2 Nxg4+ 42.Kg3 Qxe3 43.Kxg4 f5+
44.Kg3 Qg1+ 45.Kh3 h5 46.Qg2 Qe3+ 47.Qg3 Qc1 48.Qg5 Qf1+ 49.Kg3 f4+ 50.Kh2 Qf2+
51.Qg2 Qxh4+ 52.Kg1 Kh6 53.Bf7 Qf6 54.Be8 Qf5 55.Bc6 Qb1+ 56.Kf2 Qb2+ 57.Kg1 Qxa3
58.Qe4 Qc1+ 59.Kh2 Qd2+ 60.Kh1 a3 61.Be8 Qd1+ 62.Kh2 Qg4 63.Qc2 Qg3+ 64.Kh1 Qe1+
65.Kh2 e4 66.Bc6 f3 67.Bxe4 Qe2+  0-1

[Event "2nd Open"]
[Site "San Marino SMR"]
[Date "2006.06.08"]
[Round "5"]
[White "Dvirnyy,D"]
[Black "Negi,P"]
[Result "0-1"]
[WhiteElo "2280"]
[BlackElo "2445"]

1.e4 c5 2.Nf3 d6 3.d4 cxd4 4.Nxd4 Nf6 5.Nc3 a6 6.Bg5 e6 7.f4 Nbd7 8.Qf3 Qc7
9.O-O-O b5 10.Bd3 Bb7 11.Rhe1 Qb6 12.Nd5 Qxd4 13.Bxf6 gxf6 14.Bxb5 Qc5 15.Nxf6+ Kd8
16.Nxd7 Qxb5 17.Nxf8 Ke7 18.Nxe6 fxe6 19.Qc3 Rhg8 20.e5 d5 21.Qa3+ Ke8 22.Qh3 Qd7
23.f5 exf5 24.e6 Qg7 25.Rd2 Rf8 26.Qb3 Bc6 27.Qb6 Qb7 28.Qd4 Qe7 29.Rd3 Rc8
30.Rc3 Rg8 31.Qb6 Qb7 32.Qf2 d4 33.Qxd4 Be4 34.g4 Rxc3 35.Qxc3 Qc6 36.Qxc6+ Bxc6
37.gxf5 Ke7 38.Kd2 Rg2+ 39.Kd3 Rxh2 40.b4 Rf2 41.Re5 Be8 42.Rc5 h5 43.Ke3 Rf1
44.Rc7+ Kd8 45.Rh7 Rxf5 46.c4 Re5+ 47.Kd4 Rxe6 48.a4 Bg6 49.Rh6 Ke7 50.b5 axb5
51.axb5 Kf6 52.Rh8 Re8 53.Rxe8 Bxe8 54.Kd5 Bf7+ 55.Kd4 Be8 56.Kd5 h4 57.b6 h3
58.b7 h2 59.b8=Q h1=Q+ 60.Kd4 Qd1+ 61.Kc3 Qc1+ 62.Kd3 Bg6+ 63.Kd4 Qa1+ 64.Kc5 Qg1+
65.Kc6 Be4+ 66.Kc7 Qc5+  0-1

[Event "2nd Open"]
[Site "San Marino SMR"]
[Date "2006.06.10"]
[Round "8"]
[White "Negi,P"]
[Black "Vescovi,G"]
[Result "0-1"]
[WhiteElo "2445"]
[BlackElo "2622"]

1.e4 c6 2.d4 d5 3.Nc3 dxe4 4.Nxe4 Nd7 5.Bd3 Ngf6 6.Ng5 e6 7.N1f3 Bd6 8.Qe2 h6
9.Ne4 Nxe4 10.Qxe4 Nf6 11.Qe2 b6 12.Bd2 Bb7 13.O-O-O Qc7 14.c4 Bf4 15.Bxf4 Qxf4+
16.Kb1 Qc7 17.c5 O-O 18.g4 bxc5 19.dxc5 Qf4 20.h4 Nxg4 21.h5 e5 22.Nd2 Rad8
23.Ne4 Nf6 24.Nd6 Bc8 25.Rde1 Bg4 26.Qxe5 Qxe5 27.Rxe5 Nd7 28.Rhe1 Nxe5 29.Rxe5 Rd7
30.Kc2 f6 31.Re3 Bxh5 32.Bc4+ Kh7 33.b4 g5 34.a4 Bg6+ 35.Kc3 h5 36.b5 cxb5
37.axb5 Rfd8 38.Re6 Kg7 39.Bf1 g4 40.Bg2 h4 41.Bc6 Rc7 42.Kd4 h3 43.Bh1 Bf7
44.Re4 Rxd6+ 45.cxd6 Rc4+ 46.Kd3 Rxe4 47.d7 Re1 48.Kd2 Re8 49.dxe8=Q Bxe8
50.Bc6 Kf8 51.Be4 Bxb5  0-1

[Event "2nd Open"]
[Site "San Marino SMR"]
[Date "2006.06.11"]
[Round "9"]
[White "Svetushkin,D"]
[Black "Negi,P"]
[Result "1-0"]
[WhiteElo "2552"]
[BlackElo "2445"]

1.e4 c5 2.Nf3 d6 3.d4 cxd4 4.Nxd4 Nf6 5.Nc3 a6 6.Be3 e5 7.Nb3 Be7 8.f3 Be6
9.Qd2 O-O 10.O-O-O b5 11.g4 Nbd7 12.g5 b4 13.Ne2 Ne8 14.f4 a5 15.f5 a4 16.Nbd4 exd4
17.Nxd4 b3 18.Kb1 bxc2+ 19.Nxc2 Bxa2+ 20.Kxa2 Ne5 21.Qg2 Qb8 22.Nd4 d5 23.Bf4 Bd6
24.exd5 Nc7 25.Bxe5 Bxe5 26.Bc4 Na6 27.Nb5 Nb4+ 28.Ka3 Bd6 29.Qd2 Bc5 30.d6 Ra5
31.Nc3 Nc2+ 32.Ka2 Ne3 33.Qd3 Qb4 34.Nd5 Qxc4+ 35.Qxc4 Nxc4 36.Ne7+ Kh8 37.Nc6 Raa8
38.Rc1 Nxd6 39.Rxc5 Ne4 40.Rc4 Nxg5 41.Ka3 g6 42.Rxa4 Rac8 43.Rc1 Nf3 44.f6 Ne5
45.Ra6 Nd7 46.b4 Nxf6 47.b5 Nd5 48.Rc5 Ne7 49.Ra7 Nxc6 50.Rxc6 Rxc6 51.bxc6 Kg7
52.Kb4 Kf6 53.Kc5 Ke5 54.Rd7 f5 55.c7 Rc8 56.Rxh7 Kf4 57.Kd6 Kg4 58.Kd7 Ra8
59.c8=Q Rxc8 60.Kxc8 Kf3 61.Kd7 g5 62.Ke6 g4 63.Kxf5 g3 64.h4 Ke3 65.Rg7  1-0

[Event "35th TCh-GRE"]
[Site "Ermioni GRE"]
[Date "2006.07.03"]
[Round "1"]
[White "Negi,P"]
[Black "Kotronias,V"]
[Result "1/2-1/2"]
[WhiteElo "2480"]
[BlackElo "2601"]

1.e4 e5 2.Nf3 Nc6 3.Bb5 Nf6 4.d3 Bc5 5.Nc3 a6 6.Bxc6 dxc6 7.Nxe5 Qd4 8.Be3 Qxe5
9.d4 Qe7 10.dxc5 Nxe4 11.Qd4 Bf5 12.O-O-O O-O 13.Nxe4 Qxe4 14.Qxe4 Bxe4 15.f3 Bf5
16.Bf4 Rac8 17.Rhe1 Be6 18.Re4 b5 19.b3 Rfe8 20.Kb2 f6 21.Kc3 Kf7 22.Kb4 g5
23.Bg3 a5+ 24.Kxa5  1/2-1/2

[Event "35th TCh-GRE"]
[Site "Ermioni GRE"]
[Date "2006.07.04"]
[Round "2"]
[White "Socko,B"]
[Black "Negi,P"]
[Result "1/2-1/2"]
[WhiteElo "2621"]
[BlackElo "2480"]

1.e4 c5 2.Nf3 d6 3.d4 cxd4 4.Nxd4 Nf6 5.Nc3 a6 6.Be3 e5 7.Nb3 Be7 8.f3 Be6
9.Qd2 O-O 10.O-O-O Nbd7 11.g4 b5 12.g5 b4 13.Ne2 Ne8 14.Kb1 a5 15.f4 a4 16.Nbc1 exf4
17.Bxf4 Nc5 18.Bg2 b3 19.cxb3 axb3 20.a3 Qb6 21.Nd4 Nc7 22.Nf5 Nb5 23.Nxe7+ Kh8
24.Qb4 Rxa3 25.bxa3 Na6 26.Rxd6 Nxb4 27.Rxb6 Nc3+ 28.Kb2 Na4+ 29.Kb1 Nc3+
30.Kb2 Na4+  1/2-1/2

[Event "35th TCh-GRE"]
[Site "Ermioni GRE"]
[Date "2006.07.06"]
[Round "4"]
[White "Gustafsson,J"]
[Black "Negi,P"]
[Result "1/2-1/2"]
[WhiteElo "2589"]
[BlackElo "2480"]

1.Nf3 Nf6 2.c4 g6 3.Nc3 d5 4.cxd5 Nxd5 5.Qa4+ Bd7 6.Qh4 Nxc3 7.dxc3 Nc6 8.e4 e5
9.Qxd8+ Rxd8 10.b4 f6 11.Bc4 Bd6 12.Be3 Ke7 13.Ke2 b6 14.Nd2 Be6 15.a3 Nb8
16.a4 Kf7 17.a5 Be7 18.Bxe6+ Kxe6 19.f3 Kd7 20.Rhb1 Kc8 21.b5 Nd7 22.Nb3 f5
23.Ra4 Nf6 24.Rba1 fxe4 25.fxe4 Ne8 26.c4 Nd6 27.Nd2 Nb7 28.axb6 axb6 29.Nf3 Bf6
30.Ra8+ Kd7 31.R8a7 Rb8 32.Rd1+ Ke6 33.Rd5 Rhc8 34.c5 Nxc5 35.Bxc5 bxc5 36.Rxc5 Rb6
37.Kd3 h5 38.h4 c6 39.bxc6 Rbxc6 40.Ng5+ Bxg5 41.Rxc6+ Rxc6 42.hxg5 Rd6+
43.Ke3 Rd7 44.Ra6+ Rd6 45.Ra7 Rd7 46.Ra6+  1/2-1/2

[Event "35th TCh-GRE"]
[Site "Ermioni GRE"]
[Date "2006.07.07"]
[Round "5"]
[White "Negi,P"]
[Black "Bojkov,D"]
[Result "1/2-1/2"]
[WhiteElo "2480"]
[BlackElo "2445"]

1.e4 e5 2.Nf3 Nc6 3.Bb5 a6 4.Ba4 Nf6 5.O-O Be7 6.Re1 b5 7.Bb3 d6 8.c3 O-O
9.d4 Bg4 10.d5 Na5 11.Bc2 c6 12.h3 Bc8 13.dxc6 Qc7 14.Nbd2 Qxc6 15.Nf1 Nc4
16.Ng3 Re8 17.Qe2 h6 18.Bd3 Be6 19.Nh2 d5 20.Ng4 Nxg4 21.exd5 Bxd5 22.Qxg4 Bf8
23.b3 Nb6 24.Be3 Rab8 25.Rad1 Be6 26.Nf5 g6 27.Qg3 Bxf5 28.Bxf5 Bg7 29.Bb1 f5
30.Bxb6 Rxb6 31.c4 bxc4 32.Rc1 e4 33.Rxc4 Qd6 34.Qe3 Rb4 35.Bd3 a5 36.Bf1 Kh7
37.Qa7 Rxc4 38.Bxc4 Re5 39.Qa6 Qxa6  1/2-1/2

[Event "35th TCh-GRE"]
[Site "Ermioni GRE"]
[Date "2006.07.??"]
[Round "8"]
[White "Negi,P"]
[Black "Inarkiev,E"]
[Result "1/2-1/2"]
[WhiteElo "2480"]
[BlackElo "2625"]

1.e4 e5 2.Nf3 Nc6 3.Bb5 a6 4.Ba4 Nf6 5.O-O Be7 6.Re1 b5 7.Bb3 O-O 8.d4 d6
9.c3 Bg4 10.d5 Na5 11.Bc2 c6 12.h3 Bxf3 13.Qxf3 cxd5 14.exd5 Nc4 15.Nd2 Nb6
16.Nf1 Nbxd5 17.Ng3 Re8 18.Nf5 Bf8 19.Bb3 e4 20.Qg3 Qd7 21.Nh6+ Kh8 22.Ng4 Ra7
23.Bg5 Qf5 24.Qh4 h6 25.Bxf6 Nxf6 26.Nxf6 gxf6 27.f3 Rae7 28.fxe4 Rxe4 29.Rxe4 Rxe4
30.Qf2 Qc5 31.Rf1 Kg7 32.Qxc5 dxc5 33.Bd5 Re5 34.Bf3 c4 35.Rd1 Bc5+ 36.Kf1 Be3
37.Re1 a5 38.g3 f5 39.Rd1 f4 40.Rd5 Kf6 41.gxf4 Bxf4 42.Rxe5 Kxe5 43.Bc6 b4
44.Bb5 Kd5 45.Ke2 Kc5 46.Be8 f6 47.Kd1 Be5 48.Kc2 f5 49.Bg6 f4 50.Be4 a4
51.a3 bxa3 52.bxa3 Bd6 53.Bf3 Be7 54.Kb2 Kd6 55.Kc2 Kd7 56.Kd2 Ke6 57.Bc6 Kf5
58.Bxa4 Bxa3 59.Bb5 Kg5 60.Ke2 Kh4 61.Kf3 Bb2 62.Ke4  1/2-1/2

[Event "HZ Open"]
[Site "Vlissingen NED"]
[Date "2006.08.06"]
[Round "2"]
[White "Negi,P"]
[Black "Mombiela Martinez,G"]
[Result "1-0"]
[WhiteElo "2480"]
[BlackElo "2102"]

1.e4 g6 2.d4 Bg7 3.Nc3 c6 4.Nf3 d5 5.h3 dxe4 6.Nxe4 Nf6 7.Nxf6+ exf6 8.Be3 Be6
9.Be2 O-O 10.O-O Nd7 11.c4 Nb6 12.b3 Qc7 13.a4 Rad8 14.a5 Nc8 15.Qd2 Ne7
16.Bf4 Qd7 17.Rfd1 g5 18.Bh2 g4 19.hxg4 Bxg4 20.Ne1 Kh8 21.Bxg4 Qxg4 22.Qf4 f5
23.Qc7 Rxd4 24.Nf3 Re4 25.Ne5 Qh4 26.Bg3 Qg5 27.Rd8 Kg8 28.Nf3 Qg4 29.Bd6 Bxa1
30.Bxe7 Rxe7 31.Qxe7 Rxd8 32.Qxd8+ Kg7 33.Qc7 Bc3 34.Qxb7 Qf4 35.Qxc6 Bxa5
36.g3 Qc1+ 37.Kg2 Bb6 38.b4 f4 39.g4 Qb2 40.c5 Bd8 41.Qd7 Qf6 42.Nd4 h5 43.gxh5 Kh8
44.Kf3 Qh4 45.Qe8+  1-0

[Event "HZ Open"]
[Site "Vlissingen NED"]
[Date "2006.08.07"]
[Round "4"]
[White "Negi,P"]
[Black "Iordachescu,V"]
[Result "1/2-1/2"]
[WhiteElo "2480"]
[BlackElo "2603"]

1.e4 c6 2.d4 d5 3.e5 Bf5 4.c4 e6 5.Nc3 Ne7 6.Nge2 dxc4 7.Ng3 Bd3 8.Bxd3 cxd3
9.Qxd3 Nd7 10.f4 Nb6 11.O-O Qd7 12.f5 Nxf5 13.Nxf5 exf5 14.Rxf5 Be7 15.Be3 O-O
16.Ne4 Qxf5 17.Nf6+ Qxf6 18.exf6 Bxf6 19.Bf2 Rfe8 20.Qb3 Re7 21.Re1 Rxe1+
22.Bxe1 Bxd4+ 23.Bf2 Bxf2+ 24.Kxf2 h6 25.a4 Rb8 26.Qe3 Ra8 27.Qb3 Rb8 28.a5 Nd5
29.a6 b6 30.Qc4 Rc8 31.b4 Nf6 32.g4 Kf8 33.h4 Rc7 34.Qf4 Ne8 35.g5 hxg5 36.hxg5 Ke7
37.Ke2 c5 38.bxc5 bxc5 39.Kd3 c4+ 40.Kc3 Kd8 41.Qe5 g6 42.Qd5+ Ke7 43.Qe5+ Kd7
44.Qb5+ Ke7 45.Qe5+ Kd7 46.Qb5+ Ke7  1/2-1/2

[Event "HZ Open"]
[Site "Vlissingen NED"]
[Date "2006.08.08"]
[Round "5"]
[White "Leenhouts,K"]
[Black "Negi,P"]
[Result "0-1"]
[WhiteElo "2395"]
[BlackElo "2480"]

1.e4 e5 2.Nf3 Nc6 3.Bb5 a6 4.Ba4 Nf6 5.Qe2 b5 6.Bb3 Bc5 7.c3 O-O 8.O-O d5
9.d3 d4 10.Bg5 h6 11.Bh4 Qd6 12.Nbd2 Nh5 13.cxd4 Nf4 14.Qd1 Bxd4 15.Qb1 Nb4
16.Nxd4 Qxd4 17.Nf3 Qd6 18.d4 Bb7 19.d5 c5 20.a3 Nbd3 21.Bc2 c4 22.b3 Ne2+
23.Kh1 Nc3 24.Bxd3 Nxb1 25.Bxb1 cxb3 26.Bg3 f6 27.Nd2 Rac8 28.Nxb3 Rc3 29.Na5 Ba8
30.f4 Rxa3  0-1

[Event "HZ Open"]
[Site "Vlissingen NED"]
[Date "2006.08.09"]
[Round "6"]
[White "Negi,P"]
[Black "Landa,K"]
[Result "1-0"]
[WhiteElo "2480"]
[BlackElo "2584"]

1.e4 c6 2.d4 d5 3.e5 c5 4.c4 cxd4 5.Nf3 Bg4 6.Qb3 Bxf3 7.Qxb7 Nd7 8.gxf3 e6
9.cxd5 Rb8 10.Qxa7 Bb4+ 11.Bd2 Bc5 12.Qa5 Bb6 13.Qa4 Ne7 14.dxe6 fxe6 15.Bc4 Kf7
16.f4 Nc5 17.Qd1 d3 18.Be3 Nf5 19.O-O Qh4 20.Nc3 g5 21.Kh1 Rhd8 22.b4 Nd7
23.Qxd3 Ke7 24.Nd5+  1-0

[Event "HZ Open"]
[Site "Vlissingen NED"]
[Date "2006.08.10"]
[Round "7"]
[White "Negi,P"]
[Black "Nijboer,F"]
[Result "1/2-1/2"]
[WhiteElo "2480"]
[BlackElo "2598"]

1.e4 c5 2.Nf3 Nc6 3.Nc3 d6 4.d4 cxd4 5.Nxd4 Nf6 6.Bg5 e6 7.Qd2 a6 8.O-O-O Bd7
9.f4 b5 10.Bxf6 gxf6 11.Kb1 Qb6 12.Nce2 Rc8 13.Nxc6 Bxc6 14.Ng3 h5 15.h4 a5
16.Bd3 Qc5 17.Qxa5 Ra8 18.Qc3 Qxc3 19.bxc3 Ke7 20.Be2 Bh6 21.Rhf1 Ra3 22.Bd3 Rg8
23.Ne2 e5 24.fxe5 fxe5 25.Rf2 Rga8 26.Rdf1 Rxa2 27.Rxf7+ Ke8 28.R1f6 Ra1+
29.Kb2 R1a2+ 30.Kb1 Ra1+  1/2-1/2

[Event "HZ Open"]
[Site "Vlissingen NED"]
[Date "2006.08.11"]
[Round "8"]
[White "Krasenkow,M"]
[Black "Negi,P"]
[Result "1-0"]
[WhiteElo "2635"]
[BlackElo "2480"]

1.d4 Nf6 2.c4 e6 3.Nf3 b6 4.a3 Bb7 5.Nc3 d5 6.cxd5 Nxd5 7.Qc2 Be7 8.e4 Nxc3
9.bxc3 O-O 10.Bd3 c5 11.O-O Qc8 12.Qe2 Ba6 13.Rd1 Bxd3 14.Rxd3 Nd7 15.e5 Re8
16.h4 Nf8 17.h5 h6 18.Nh2 Nh7 19.Ng4 cxd4 20.cxd4 Qb7 21.Bf4 Red8 22.Rad1 Rac8
23.Ne3 Qe4 24.g3 Nf8 25.f3 Qb7 26.g4 Qa6 27.Qd2 Nd7 28.Kh2 b5 29.Qg2 f6 30.exf6 Nxf6
31.Be5 Nd7 32.Bg3 b4 33.axb4 Bxb4 34.d5 Rc1 35.Qb2 Rxd1 36.Rxd1 Bc5 37.dxe6 Qxe6
38.Nf5 Bf8 39.Qd2 Bb4 40.Qd5 Qxd5 41.Rxd5 Kf7 42.Bh4 Ke6 43.Rd4  1-0